Analog to digital and digital to analog conversion techniques

সংরক্ষণ করুন:
গ্রন্থ-পঞ্জীর বিবরন
প্রধান লেখক: Hoeschele, David F (Author)
বিন্যাস: গ্রন্থ
ভাষা:ইংরেজি
প্রকাশিত: Nueva York John Wiley 1994
সংস্করন:2a. ed
বিষয়গুলি:
ট্যাগগুলো: ট্যাগ যুক্ত করুন
কোনো ট্যাগ নেই, প্রথমজন হিসাবে ট্যাগ করুন!

MARC

LEADER 00000nam a2200000 a 4500
001 UCP5155
003 CL-VaPUC
008 990903e19940000US |||||||||||||||||eng|d
082 0 4 |a 621.39  |b HOE  |2 21 
100 0 |a Hoeschele, David F  |e author  |9 433310 
245 1 0 |a Analog to digital and digital to analog conversion techniques 
250 |a 2a. ed 
300 |a 397 p 
942 |c BK 
945 |d 19990903 00:00:00  |a rbrito 
260 |a Nueva York  |b John Wiley  |c 1994 
650 7 |a SISTEMAS DE CONVERSION  |2 CL-VaPUC  |9 433311 
650 7 |a CONVERTIDORES ANALOGO DIGITAL  |2 CL-VaPUC  |9 433312 
583 |a last modification  |c 19990903 00:00:00  |k Rodrigo Vera 
999 |c 282948  |d 282946 
952 |0 0  |1 0  |4 0  |6 621_390000000000000_HOE_1994  |7 0  |8 A  |9 325610  |a BIBING  |b BIBING  |d 2019-11-20  |i 3559408  |o 621.39 HOE 1994  |p 3559408  |r 2025-01-20  |w 2019-11-20  |y BK  |k ING 
952 |0 0  |1 0  |4 0  |6 621_390000000000000_HOE_1994  |7 0  |8 A  |9 325611  |a BIBING  |b BIBING  |d 2019-11-20  |i 3559416  |o 621.39 HOE 1994  |p 3559416  |r 2025-01-20  |w 2019-11-20  |y BK  |k ING